<?xml version="1.0" encoding="UTF-8"?><?xml-stylesheet type="text/xsl" href="static/style.xsl"?><OAI-PMH xmlns="http://www.openarchives.org/OAI/2.0/" xmlns:xsi="http://www.w3.org/2001/XMLSchema-instance" xsi:schemaLocation="http://www.openarchives.org/OAI/2.0/ http://www.openarchives.org/OAI/2.0/OAI-PMH.xsd"><responseDate>2026-04-17T02:16:43Z</responseDate><request verb="GetRecord" identifier="oai:www.recercat.cat:2445/173639" metadataPrefix="marc">https://recercat.cat/oai/request</request><GetRecord><record><header><identifier>oai:recercat.cat:2445/173639</identifier><datestamp>2025-12-05T11:56:18Z</datestamp><setSpec>com_2072_1057</setSpec><setSpec>col_2072_478916</setSpec><setSpec>col_2072_478917</setSpec></header><metadata><record xmlns="http://www.loc.gov/MARC21/slim" xmlns:dcterms="http://purl.org/dc/terms/" xmlns:xsi="http://www.w3.org/2001/XMLSchema-instance" xmlns:doc="http://www.lyncode.com/xoai" xsi:schemaLocation="http://www.loc.gov/MARC21/slim http://www.loc.gov/standards/marcxml/schema/MARC21slim.xsd">
   <leader>00925njm 22002777a 4500</leader>
   <datafield ind2=" " ind1=" " tag="042">
      <subfield code="a">dc</subfield>
   </datafield>
   <datafield ind2=" " ind1=" " tag="720">
      <subfield code="a">Roig Vila, Diana</subfield>
      <subfield code="e">author</subfield>
   </datafield>
   <datafield ind2=" " ind1=" " tag="260">
      <subfield code="c">2021-02-04T09:45:55Z</subfield>
   </datafield>
   <datafield ind2=" " ind1=" " tag="260">
      <subfield code="c">2021-02-04T09:45:55Z</subfield>
   </datafield>
   <datafield ind2=" " ind1=" " tag="260">
      <subfield code="c">2020-09-01</subfield>
   </datafield>
   <datafield ind2=" " ind1=" " tag="260">
      <subfield code="c">2021-01-25T08:35:00Z</subfield>
   </datafield>
   <datafield ind2=" " ind1=" " tag="520">
      <subfield code="a">Nuestro planeta se enfrenta a un reto sin precedentes. En 2050, las predicciones indican que la población crecerá hasta los nueve billones de&#xd;
personas, que deberán nutrirse en un planeta con recursos limitados. El sistema global de alimentación debe transformarse, pasando de una&#xd;
producción no sostenible a una producción sostenible, y de una alimentación insuficiente o excesiva a una alimentación sana para todo el mundo.&#xd;
Es muy importante definir qué es una dieta sostenible y hay un consenso científico razonable en cómo deben ser las dietas con un impacto&#xd;
ambiental bajo y saludables a la vez. Los detalles varían de todos modos en función del contexto. Así pues, para entender el impacto de los&#xd;
cambios en la dieta en un contexto más amplio y global se precisan estudios de países y regiones con distintos hábitos, culturas y condiciones.&#xd;
Las guías de alimentación se utilizan básicamente para promover una alimentación que tenga en cuenta la prevención de enfermedades crónicas,&#xd;
pero solo pocos países han incluido aspectos medioambientales en sus guías. Estas sugieren un estilo de cocina y alimentación basado en el&#xd;
mundo vegetal (plant-forward), que enfatiza y celebra pero no está exclusivamente limitado a los alimentos vegetales.&#xd;
Las empresas deberían promover una alimentación basada en el mundo vegetal (plant-forward), ya que satisface el concepto de dietas sostenibles&#xd;
y, a la vez, una demanda creciente por parte de los consumidores. Hay muchas maneras de hacerlo, no solo con los productos que venden sino&#xd;
también con propuestas de recetas y todo tipo de comunicación dirigida a los consumidores. Es una necesidad real y urgente para la salud de&#xd;
las personas y del planeta.</subfield>
   </datafield>
   <datafield tag="653" ind2=" " ind1=" ">
      <subfield code="a">Alimentació</subfield>
   </datafield>
   <datafield tag="653" ind2=" " ind1=" ">
      <subfield code="a">Desenvolupament sostenible</subfield>
   </datafield>
   <datafield tag="653" ind2=" " ind1=" ">
      <subfield code="a">Diet</subfield>
   </datafield>
   <datafield tag="653" ind2=" " ind1=" ">
      <subfield code="a">Sustainable development</subfield>
   </datafield>
   <datafield ind2="0" ind1="0" tag="245">
      <subfield code="a">Hacia una alimentación sostenible: un esfuerzo multidisciplinario</subfield>
   </datafield>
</record></metadata></record></GetRecord></OAI-PMH>